000 01067cam a2200265 a 4500
003 EG-GiCUC
005 20250223032353.0
008 190908s1991 ua f m 000 0 ara d
040 _aEG-GiCUC
_bara
_cEG-GiCUC
041 0 _aara
049 _aاهداء
097 _aماجستير
099 _aCai01.34.M.A.1991.نا.أ
100 0 _aناصف شاكر سيد محمود
245 1 0 _aأدب الديارات الى نهاية القرن الرابع الهجرى /
_cناصف شاكر سيد محمود ؛ إشراف محمد عويس
260 _aالمنيا :
_bناصف شاكر سيد محمود :
_c1991
300 _a264ورقة ؛
_c30سم
500 _aإهداء من مكتبة الأستاذ الدكتور على أبوالمكارم
502 _aاطروحة (ماجستير) - جامعة المنيا - كلية الآداب - قسم اللغة العربية
700 0 _aمحمد عويس :
_eمشرف
856 _uhttp://172.23.153.220/th.pdf
905 _aNazla
_eRevisor
905 _aSamia
_eCataloger
942 _2ddc
_cTH
999 _c73713
_d73713